| 000 | 00730nam a2200241Ia 4500 | ||
|---|---|---|---|
| 003 | OSt | ||
| 005 | 20220926001231.0 | ||
| 006 | a|||||r|||| 00| 0 | ||
| 007 | ta | ||
| 008 | 220923b |||||||| |||| 00| 0 eng d | ||
| 037 | _cGeneral Book | ||
| 040 |
_aRTL _cRTL _beng |
||
| 041 |
_2eng _aeng |
||
| 082 | _aX93.2.N81<N80t, M0/GD | ||
| 110 |
_aINDIA, FINANCE (Ministry of-) _9272403 |
||
| 245 | 0 |
_aEstimates committee (1980-81) _b Third report. |
|
| 260 |
_a New Delhi _bLok Sabha secretariat _c1980 |
||
| 300 |
_avii,145p. _ccm. |
||
| 500 | _aAppendix :135-145p. | ||
| 700 |
_aINDIA, FINANCE (Ministry of-) _9272404 |
||
| 942 |
_hX93.2.N81<N80t, M0/GD _cGB _2CC |
||
| 999 |
_c600989 _d600989 |
||